| 000 | 00615nam a22002057a 4500 | ||
|---|---|---|---|
| 003 | Ost | ||
| 005 | 20220330133934.0 | ||
| 008 | 220329b |||||||| |||| 00| 0 eng d | ||
| 020 | _a9788120727663 | ||
| 040 | _cBT-PhCST | ||
| 050 | _a24127 | ||
| 082 |
_222 _a333.0954 _bCHE |
||
| 100 | _aChetri, Saamdu. | ||
| 245 |
_aMoney and microenterprises in Bhutan : _bthe land of zorig chu sum thirteen arts and craft |
||
| 260 |
_aThimphu, Bhutan : _bSterling Publishers Pvt.Ltd, _cc2004. |
||
| 300 |
_axvii, 293 p. : _bill. ; _c22 cm. |
||
| 500 | _aIncludes index. | ||
| 700 | _aDhar, samirendra. Nath. | ||
| 942 |
_2ddc _cAE |
||
| 999 |
_c8225 _d8225 |
||